Internship at Foundation University Azagra and Palangoyan demonstration farms / (Record no. 5739)

MARC details
000 -LEADER
fixed length control field 02316naa a2200349Ia 4500
003 - CONTROL NUMBER IDENTIFIER
control field OSt
005 - DATE AND TIME OF LATEST TRANSACTION
control field 20260413150955.0
008 - FIXED-LENGTH DATA ELEMENTS--GENERAL INFORMATION
fixed length control field 260413s2015 xx 000 0 und d
040 ## - CATALOGING SOURCE
Original cataloging agency Foundation University
Language of cataloging eng
Transcribing agency Foundation University
Description conventions rda
050 ## - LIBRARY OF CONGRESS CALL NUMBER
Classification number COA (CrSci-Th) LG 221 D35 A37
Item number A5 C76 2006 B36
099 ## - LOCAL FREE-TEXT CALL NUMBER (OCLC)
Classification number 2438
100 ## - MAIN ENTRY--PERSONAL NAME
Personal name Bandigas, Cyril P.
9 (RLIN) 5169
Relator term author.
245 10 - TITLE STATEMENT
Title Internship at Foundation University Azagra and Palangoyan demonstration farms /
Statement of responsibility, etc. by Cyril P. Bandigas
260 ## - PUBLICATION, DISTRIBUTION, ETC.
Place of publication, distribution, etc. Dumaguete City :
Name of publisher, distributor, etc. Foundation University ;
Date of publication, distribution, etc. 2006.
264 ## - PRODUCTION, PUBLICATION, DISTRIBUTION, MANUFACTURE, AND COPYRIGHT NOTICE
Date of production, publication, distribution, manufacture, copy right date 2006.
Copyright Date 2006.
300 ## - PHYSICAL DESCRIPTION
Materials specified volume
Extent iiii, 33 leaves :
Other physical details ill. (col.) ;
Dimensions 28 cm.
Type of unit resource
336 ## - CONTENT TYPE
Source rdacontent
Content type term text
Content type code txt
337 ## - MEDIA TYPE
Source rdamedia
Media type term unmediated
Media type code n
338 ## - CARRIER TYPE
Materials specified rdacarrier
Carrier type term volume
Carrier type code nc
500 ## - GENERAL NOTE
General note Internship report conducted at the Foundation University Demonstration Farms located in Azagra and Palangoyan.
502 ## - DISSERTATION, THESIS NOTE
Dissertation note Undergraduate thesis (Bachelor of Science in Agriculture Major in Crop Science) -- Foundation University, 2006.
504 ## - BIBLIOGRAPHY, ETC. NOTE
Bibliography, etc. note Includes bibliographical references and appendices.
520 ## - ABSTRACT, SUMMARY, ETC.
Abstract, Summary, etc. This internship report presents the experiences and competencies developed during the training at the Foundation University Demonstration Farms in Azagra and Palangoyan. It describes the various activities performed in crop and livestock production, including land preparation, planting, feeding management, animal care, and farm maintenance. The report also highlights the integration of different farming systems and the application of sustainable agricultural practices. Furthermore, it reflects on the knowledge and practical skills acquired, challenges encountered during the internship, and recommendations for improving farm operations and productivity.
650 ## - SUBJECT ADDED ENTRY--TOPICAL TERM
Topical term or geographic name entry element Agriculture
9 (RLIN) 3264
General subdivision Demonstration projects.
650 ## - SUBJECT ADDED ENTRY--TOPICAL TERM
Topical term or geographic name entry element Crop production
9 (RLIN) 5170
General subdivision Management.
650 ## - SUBJECT ADDED ENTRY--TOPICAL TERM
Topical term or geographic name entry element Livestock
9 (RLIN) 15493
General subdivision Management.
650 ## - SUBJECT ADDED ENTRY--TOPICAL TERM
Topical term or geographic name entry element Agricultural education
9 (RLIN) 15450
General subdivision Internship programs.
650 ## - SUBJECT ADDED ENTRY--TOPICAL TERM
Topical term or geographic name entry element Agricultural extension work.
9 (RLIN) 15494
650 ## - SUBJECT ADDED ENTRY--TOPICAL TERM
Topical term or geographic name entry element Sustainable agriculture.
658 ## - INDEX TERM--CURRICULUM OBJECTIVE
Main curriculum objective Thesis 3 (Manuscript and Defense) :
Subordinate curriculum objective Agriculture Major in Crop Science, Bachelor of Science in ;
Curriculum code CSC402.
942 ## - ADDED ENTRY ELEMENTS (KOHA)
Source of classification or shelving scheme Library of Congress Classification
Koha item type Thesis
Classification part LG 221 D35 A37
Item part A5 C76 2006 B36
Call number prefix COA (CrSci-Th)
Holdings
Withdrawn status Lost status Source of classification or shelving scheme Damaged status Not for loan Home library Current library Shelving location Date acquired Source of acquisition Total Checkouts Full call number Barcode Date last seen Price effective from Koha item type Accession Number
    Library of Congress Classification     Foundation University Library Foundation University Library Undergraduate Thesis 04/13/2026 Donated   COA (CrSci-Th) LG 221 D35 A37 A5 C76 2006 B36 51948 04/13/2026 04/13/2026 Thesis CrSci-Th-2026032
    Library of Congress Classification     Foundation University Library Foundation University Library Undergraduate Thesis 04/14/2026 Donated   CoA (CrSci-Th) LG 221 D35 A37 A5 C76 2006 F33 51945 04/14/2026 04/14/2026 Thesis CrSci-Th-2026035